Los Factores de Riesgo de una Empresa (Registro nro. 25410)

Detalles MARC
000 -LEADER
fixed length control field 00327 a2200109 4500
001 - CONTROL NUMBER
control field ART_11266
005 - DATE AND TIME OF LATEST TRANSACTION
control field 20260410161855.0
008 - FIXED-LENGTH DATA ELEMENTS--GENERAL INFORMATION
fixed length control field 260409a
100 1# - MAIN ENTRY--PERSONAL NAME
Personal name Alvarez, Héctor Felipe
245 10 - TITLE STATEMENT
Title Los Factores de Riesgo de una Empresa
773 0# - HOST ITEM ENTRY
Title Revista de Economía
Related parts - Nº 55 (abr./jun. 1989)
Record control number REV11077

No hay ítems disponibles.